000 01765nam a2200253Ia 4500
008 260220t1969||||xx |||||||||||||| ||spa||
040 _aPY-SlUNAC
_bspa
_erda
041 _aspa
082 _a546
_bB413e
100 _aBell, C. F.
_eAutor
245 0 _aUn esquema moderno de la química inorgánica /
_cpor C. F. Bell [Autor] y K. A. K. Lott [Autor]
264 _aMadrid :
_bAlhambra,
_c℗1969.
300 _a1 volumen
520 _aEn "Un esquema moderno de la química inorgánica", C. F. Bell presenta un enfoque sistemático y actualizado sobre los principios y conceptos fundamentales de la química inorgánica. El autor organiza el contenido en secciones que abordan desde la estructura atómica y las propiedades de los elementos, hasta las reacciones y compuestos inorgánicos más relevantes. A través de un lenguaje claro y didáctico, Bell enfatiza la interrelación entre la teoría y la práctica, proporcionando ejemplos ilustrativos que facilitan la comprensión de los fenómenos químicos. Además, incluye discusiones sobre la aplicación de la química inorgánica en diversas áreas, como la industria y la tecnología, destacando su relevancia en contextos contemporáneos. La obra es un recurso valioso para estudiantes y profesionales interesados en profundizar en la materia, ya que no solo cubre aspectos teóricos, sino que también fomenta el pensamiento crítico y la investigación en el campo de la química inorgánica.
653 _aEducación científica
653 _aQuímica
653 _aQuímica inorgánica
700 _aLott, K. A. K.
_eAutor
942 _b2026/02/17
_cBK
999 _c7919
_d7919